| 000 | 00571nam a2200133Ia 4500 | ||
|---|---|---|---|
| 008 | 160809s9999 xx 000 0 und d | ||
| 100 | _aFroelich, Jan. | ||
| 245 | _aFFECTS OF A TEACHER TRAINING PROGRAMME ON SYMPTOMS OF ATTENTION DEFICIT HYPERACTIVITY DISORDER | ||
| 245 | _cJan Froelich Central Institute of Mental Health Dieter Breuer Manfred Doepfner Frauke Amonn University of Cologne. | ||
| 260 | _bInternational Journal of Special Education | ||
| 260 | _c2012 | ||
| 650 | _xSPECIAL EDUCATION | ||
| 856 | _uhttp://www.internationaljournalofspecialed.com/issues.php | ||
| 999 |
_c300372 _d300372 |
||